COX-2 inhibitors are contraindicated for treatment of combined injury /
שמור ב:
| מחברים אחרים: | , , , , , |
|---|---|
| פורמט: | Bài viết |
| שפה: | English |
| נושאים: | |
| תגים: |
הוספת תג
אין תגיות, היה/י הראשונ/ה לתייג את הרשומה!
|
| Thư viện lưu trữ: | Thư viện Trường Đại học Đà Lạt |
|---|
| LEADER | 00920nam a2200325 4500 | ||
|---|---|---|---|
| 001 | DLU110117829 | ||
| 005 | ##20101221 | ||
| 040 | # | # | |a DLU |b eng |
| 041 | # | # | |a eng |
| 044 | # | # | |a us |
| 245 | # | # | |a COX-2 inhibitors are contraindicated for treatment of combined injury / |c W. Jiao ... [et al.]. |
| 653 | # | # | |a COX inhibitor |
| 653 | # | # | |a Radiation |
| 653 | # | # | |a Radiation exposure |
| 700 | # | # | |a Cary, L. |
| 700 | # | # | |a Elliott, T. B. |
| 700 | # | # | |a Jiao, W. |
| 700 | # | # | |a Kiang, J. G. |
| 700 | # | # | |a Ledney, G. D. |
| 700 | # | # | |a Pellmar, T. C. |
| 773 | # | # | |t Radiation Research |g Vol. 172, no. 6 (December 2009), p. 686-697 |
| 920 | # | # | |a Phòng Tạp chí -- Trung tâm Thông tin - Thư viện Trường Đại học Đà Lạt |
| 994 | # | # | |a DLU |
| 900 | # | # | |a True |
| 911 | # | # | |a Trương Bảo Trâm Anh |
| 925 | # | # | |a G |
| 926 | # | # | |a A |
| 927 | # | # | |a BB |
| 980 | # | # | |a Thư viện Trường Đại học Đà Lạt |